| 000 | 00506nam a22001817a 4500 | ||
|---|---|---|---|
| 003 | CEME | ||
| 005 | 20210628205642.0 | ||
| 008 | 210309b xxu||||| |||| 00| 0 eng d | ||
| 020 | _a0-7897-0183-9 | ||
| 040 | _c. | ||
| 082 | _a005.44 CIM | ||
| 100 |
_aMarchuk, Michael Root, Gregory.J Cima, Rob _976448 |
||
| 245 | _aWindows 95 connectivity | ||
| 260 |
_aUSA _bQUE _c1995 |
||
| 300 | _a460P | ||
| 650 |
_aWINDOWS 95 ON THE INTERNET NETWORKING-WINDOWS 95 NETWORKING PROTOCOLS _976449 |
||
| 942 |
_cBK _2ddc |
||
| 999 |
_c581846 _d581846 |
||